Sādhaka-sãvāda. (Record no. 74083)

MARC details
000 -LEADER
fixed length control field 00644cam a22002531 4500
001 - CONTROL NUMBER
control field sa 67003804
003 - CONTROL NUMBER IDENTIFIER
control field DLC
005 - DATE AND TIME OF LATEST TRANSACTION
control field 20260227112341.0
008 - FIXED-LENGTH DATA ELEMENTS--GENERAL INFORMATION
fixed length control field 900829s1966 ii 000 0 maro
010 ## - LIBRARY OF CONGRESS CONTROL NUMBER
LC control number sa 67003804
035 ## - SYSTEM CONTROL NUMBER
System control number (OCoLC)22291942
040 ## - CATALOGING SOURCE
Original cataloging agency DLC
Transcribing agency WaU
Modifying agency DLC
042 ## - AUTHENTICATION CODE
Authentication code premarc
050 00 - LIBRARY OF CONGRESS CALL NUMBER
Classification number BL1215.M9
Item number P28
100 1# - MAIN ENTRY--PERSONAL NAME
Personal name Paṇḍita, Śrīkr̥shṇa.
245 10 - TITLE STATEMENT
Title Sādhaka-sãvāda.
260 ## - PUBLICATION, DISTRIBUTION, ETC.
Date of publication, distribution, etc. 1966.
300 ## - PHYSICAL DESCRIPTION
Extent iii, 168 p.
Dimensions 19 cm.
500 ## - GENERAL NOTE
General note In Marathi.
650 #0 - SUBJECT ADDED ENTRY--TOPICAL TERM
Topical term or geographic name entry element Ecstasy (Hinduism)
650 #0 - SUBJECT ADDED ENTRY--TOPICAL TERM
Topical term or geographic name entry element Mysticism
General subdivision Hinduism
700 1# - ADDED ENTRY--PERSONAL NAME
Personal name Mahārāja, Appā.
700 1# - ADDED ENTRY--PERSONAL NAME
Personal name Tulpule, Ganesh Vishnu,
Dates associated with a name 1890-

No items available.

Powered by Koha